Formula 1 champions - Statistics

General Stats
  • This quiz has been taken 65 times
    46 since last reset
  • The average score is 31 of 33
Answers on the Grid
Answers color-coded by a green-red scale on the quiz's grid according to % correct below.
Alberto Ascari
Juan Manuel Fangio
Giuseppe Farina
Jim Clark
Jack Brabham
Mike Hawthorn
Jochen Rindt
John Surtees
Alan Jones
Mario Andretti
Nico Rosberg
Jacques Villeneuve
Keke Rosberg
Phil Hill
Graham Hill
James Hunt
Niki Lauda
Jody Scheckter
Denny Hulme
Ayrton Senna
Emerson Fittipaldi
Jackie Stewart
Nelson Piquet
Max Verstappen
Mick Schumacher
Michael Schumacher
Mika Hakkinen
Kimi Raikkonen
Jenson Button
Nigel Mansell
Lewis Hamilton
Sebastian Vettel
Fernando Alonso
Bruno Senna
Ralf Scumacher
Rubens Barichello
Giancarlo Fisichella
Mark Webber
David Coulthard
Felipe Massa
Jos Verstappen
Damon Hill
Gilles Villeneuve
 
Answer Stats
Answer % Correct
Ayrton Senna
100%
Damon Hill
100%
Graham Hill
100%
Jackie Stewart
100%
Jacques Villeneuve
100%
James Hunt
100%
Juan Manuel Fangio
100%
Keke Rosberg
100%
Lewis Hamilton
100%
Max Verstappen
100%
Michael Schumacher
100%
Nico Rosberg
100%
Niki Lauda
100%
Alberto Ascari
92%
Denny Hulme
92%
Emerson Fittipaldi
92%
Fernando Alonso
92%
Giuseppe Farina
92%
Jack Brabham
92%
Jim Clark
92%
Jochen Rindt
92%
Jody Scheckter
92%
John Surtees
92%
Mario Andretti
92%
Mika Hakkinen
92%
Mike Hawthorn
92%
Nelson Piquet
92%
Nigel Mansell
92%
Phil Hill
92%
Sebastian Vettel
92%
Alan Jones
83%
Jenson Button
83%
Kimi Raikkonen
83%
No matching quizzes found
Score Distribution
Percent of People with Each Score
Percentile by Number Answered
Your Score History
You have not taken this quiz since the last reset